Thermal reactor theory / (Record no. 1685)

MARC details
000 -LEADER
fixed length control field 00963nac a22002651i 4500
003 - CONTROL NUMBER IDENTIFIER
control field EG-ScBUE
005 - DATE AND TIME OF LATEST TRANSACTION
control field 20250731113104.0
008 - FIXED-LENGTH DATA ELEMENTS--GENERAL INFORMATION
fixed length control field 250731s1960 nyua f 001 0 eng d
040 ## - CATALOGING SOURCE
Original cataloging agency EG-ScBUE
Language of cataloging eng
Description conventions rda
Transcribing agency EG-ScBUE
Modifying agency EG-ScBUE
082 04 - DEWEY DECIMAL CLASSIFICATION NUMBER
Classification number 539.76
Item number GAL
Edition number 22
100 1# - MAIN ENTRY--PERSONAL NAME
Personal name Galanin, A. D.,
Relator term author.
245 10 - TITLE STATEMENT
Title Thermal reactor theory /
Statement of responsibility, etc by A. D. Galanin ; translated from the Russian by J.B. Sykes.
250 ## - EDITION STATEMENT
Edition statement Second revised and authorised edition.
264 #1 - PUBLICATION, DISTRIBUTION, ETC. (IMPRINT)
Place of publication, distribution, etc New York :
Name of publisher, distributor, etc Pergamon Press,
Date of publication, distribution, etc 1960.
300 ## - PHYSICAL DESCRIPTION
Extent xiv, 412 pages :
Other physical details illustrations,
Dimensions 22 cm.
336 ## - CONTENT TYPE
Source rdacontent
Content type term text
Content type code txt
337 ## - MEDIA TYPE
Media type term unmediated
Source rdamedia
Media type code n
338 ## - CARRIER TYPE
Carrier type term volume
Carrier type code nc
Source rdacarrier
490 1# - SERIES STATEMENT
Series statement International series of monographs on nuclear energy. Division 10: Reactor design physics,
Volume number/sequential designation v. 3
500 ## - GENERAL NOTE
General note Includes index.<br/>
500 ## - GENERAL NOTE
General note Includes Appendices.<br/>
650 #7 - SUBJECT ADDED ENTRY--TOPICAL TERM
Topical term or geographic name as entry element Nuclear reactors.
Source of heading or term BUEsh
655 ## - INDEX TERM--GENRE/FORM
Form subdivision Reading book
942 ## - ADDED ENTRY ELEMENTS (KOHA)
Koha item type Book - Borrowing
Source of classification or shelving scheme Dewey Decimal Classification
Holdings
Withdrawn status Lost status Source of classification or shelving scheme Damaged status Not for loan Home library Current library Shelving location Date acquired Source of acquisition Total Checkouts Full call number Barcode Date last seen Koha item type
    Dewey Decimal Classification     Central Library Central Library First floor 04/12/2006 Purchase   539.76 GAL 000002656 15/07/2025 Book - Borrowing